| 000 | 00804nam a2200277Ia 4500 | ||
|---|---|---|---|
| 008 | 170711s9999 xx 000 0 und d | ||
| 020 | _a1591396700 | ||
| 050 | _a384.33 | ||
| 050 | _bB863 2005 | ||
| 245 | 4 | _aThe broadband explosion : | |
| 245 | _bleading thinkers on the promise of a truly interactive world / | ||
| 245 | _cedited by Robert Austin and Stephen P. Bradley. | ||
| 260 | _aUSA : | ||
| 260 | _bHarvard School Press, | ||
| 260 | _c2005 | ||
| 300 | _axii, 371 pages : | ||
| 300 | _billustrations ; | ||
| 300 | _c24cm. | ||
| 500 | _aIncludes index. | ||
| 650 | _aBroadband communication system. | ||
| 650 | _aInternet industry. | ||
| 650 | _aTelecommunication -- | ||
| 650 | _xTechnological innovations. | ||
| 700 | _aAustin, Robert D. | ||
| 700 | _aBradley, Stephen P. | ||
| 999 |
_c339569 _d339569 |
||